| 000 | 01222nam a2200241Ia 4500 | ||
|---|---|---|---|
| 999 |
_c36253 _d36253 |
||
| 001 | 2158 | ||
| 003 | GE_BSU | ||
| 005 | 20190517185630.0 | ||
| 008 | 181216s2005||||ge |||||||||||||| ||geo|| | ||
| 020 | _a9994026895 | ||
| 040 | _cGE_BSU | ||
| 041 | _ageo | ||
| 080 | _a821.353.1 დ–90 | ||
| 100 |
_aდუმბაძე, ნოდარ _91321 |
||
| 245 |
_cრედ.: ნათელა ჭყოიძე, მანანა ბალიაშვილი ; მხატვ.: ბადრი გაგნიძე. _aთხზულებანი : _b5 წიგნად. წ. 2, ნუ გეშინია, დედა! თეთრი ბაირაღები. მარადისობის კანონი / |
||
| 264 |
_aთბილისი : _bსაქართველოს მაცნე, _c2005. |
||
| 300 |
_a608 გვ. _b22 სმ. |
||
| 653 | _aმოთხრობები | ||
| 700 |
_aჭყოიძე, ნათელა _eრედაქტორი _91338 |
||
| 700 |
_aბალიაშვილი, მანანა _eრედაქტორი _91339 |
||
| 700 |
_aგაგნიძე, ბადრი _eმხატვარი _91340 |
||
| 942 |
_cBK _2udc |
||